The skillful teacher : (Record no. 33764)

MARC details
000 -LEADER
fixed length control field 00989cam a2200277 a 4500
001 - CONTROL NUMBER
control field 2944202
003 - CONTROL NUMBER IDENTIFIER
control field OSt
005 - DATE AND TIME OF LATEST TRANSACTION
control field 20220329094051.0
008 - FIXED-LENGTH DATA ELEMENTS--GENERAL INFORMATION
fixed length control field 900529s1990 cau b 001 0 eng
010 ## - LIBRARY OF CONGRESS CONTROL NUMBER
LC control number 90040387
020 ## - INTERNATIONAL STANDARD BOOK NUMBER
International Standard Book Number 1555422675
040 ## - CATALOGING SOURCE
Original cataloging agency DLC
Transcribing agency HU
Modifying agency DLC
050 00 - LIBRARY OF CONGRESS CALL NUMBER
Classification number LB2331
Item number .B68 1990
082 00 - DEWEY DECIMAL CLASSIFICATION NUMBER
Classification number 378.1/25 BRO 1990
Edition number 20
100 1# - MAIN ENTRY--PERSONAL NAME
Personal name Brookfield, Stephen.
9 (RLIN) 34350
245 14 - TITLE STATEMENT
Title The skillful teacher :
Remainder of title on technique, trust, and responsiveness in the classroom /
Statement of responsibility, etc. Stephen D. Brookfield.
250 ## - EDITION STATEMENT
Edition statement 1st ed.
260 ## - PUBLICATION, DISTRIBUTION, ETC.
Place of publication, distribution, etc. San Francisco :
Name of publisher, distributor, etc. Jossey-Bass Publishers,
Date of publication, distribution, etc. 1990.
300 ## - PHYSICAL DESCRIPTION
Extent xxii, 233 p. ;
Dimensions 24 cm.
440 #4 - SERIES STATEMENT/ADDED ENTRY--TITLE
Title The Jossey-Bass higher education series
9 (RLIN) 34351
504 ## - BIBLIOGRAPHY, ETC. NOTE
Bibliography, etc. note Includes bibliographical references (p. 213-223) and index.
650 #0 - SUBJECT ADDED ENTRY--TOPICAL TERM
Topical term or geographic name entry element College teaching.
9 (RLIN) 22728
906 ## - LOCAL DATA ELEMENT F, LDF (RLIN)
a 7
b cbc
c orignew
d 1
e ocip
f 19
g y-gencatlg
942 ## - ADDED ENTRY ELEMENTS (KOHA)
Source of classification or shelving scheme Dewey Decimal Classification
Koha item type Books like text book referance book
Suppress in OPAC No
Holdings
Withdrawn status Lost status Source of classification or shelving scheme Damaged status Not for loan Collection code Home library Current library Shelving location Date acquired Total Checkouts Full call number Barcode Date last seen Copy number Price effective from Koha item type
    Dewey Decimal Classification     Reference Wondo Genet Library Wondo Genet Library General Stacks 03/29/2022   378.1/25 BRO 1990 WGCFNRL00015158 03/29/2022 1 03/29/2022 Books like text book referance book